000 00631nam a2200241Ia 4500
003 OSt
005 20221005035033.0
006 a|||||r|||| 00| 0
007 ta
008 221004b |||||||| |||| 00| 0 eng d
024 _a70482
037 _cTextual
040 _aCRL
_cCRL
_beng
041 _2eng
_aeng
082 _aY592:3.2, N1
100 _aCaldwell Bruce
_9587915
245 0 _aJajmani system
_b An investigation
260 _aDelhi
_bHindustan India
_c1991
300 _avii. 128p
_ccm.
650 _aSOCIOLOGY
942 _hY592:3.2, N1
_cTEXL
_2cc
999 _c944518
_d944518